| 000 | 00501nam a2200193 a 4500 | ||
|---|---|---|---|
| 001 | BRCA_6670 | ||
| 005 | 20190320205541.0 | ||
| 008 | 121011s1912----gw-a######---#000-0#ger-# | ||
| 041 | _ager | ||
| 044 | _agw | ||
| 050 | 4 |
_aQK918 _b.K63 1912 |
|
| 100 | 1 |
_aKoelsch, Adolph _916694 |
|
| 245 | 1 | 0 |
_aWürger im pflanzenreich _cvon Adolph Koelsch. |
| 260 |
_aStuttgart, Alemania _bKosmos _cc1912 |
||
| 300 |
_a103 p. _bil. _c20 cm. |
||
| 650 | 1 | 4 |
_aPlantas parasitas _916695 |
| 902 | _aGFM | ||
| 942 |
_2lcc _cB |
||
| 999 |
_c6354 _d6354 |
||